<?xml version="1.0" encoding="UTF-8"?>
<marc:record xmlns:marc="http://www.loc.gov/MARC21/slim">
   <marc:leader>00000nam a2200000 a 4500</marc:leader>
   <marc:datafield ind1="1" ind2=" " tag="100">
      <marc:subfield code="a">Ahern, Cecelia</marc:subfield>
      <marc:subfield code="4">aut</marc:subfield>
      <marc:subfield code="e">Verfasser/-in</marc:subfield>
   </marc:datafield>
   <marc:datafield ind1="0" ind2="0" tag="245">
      <marc:subfield code="a">Vermiss mein micht</marc:subfield>
   </marc:datafield>
   <marc:datafield ind1="0" ind2="0" tag="245">
      <marc:subfield code="c">Cecelia Ahern. Aus dem Englischen von Christine Strüh</marc:subfield>
   </marc:datafield>
   <marc:datafield ind1=" " ind2="1" tag="264">
      <marc:subfield code="a">Frankfurt am Main</marc:subfield>
      <marc:subfield code="b">S. Fischer</marc:subfield>
      <marc:subfield code="c">2006</marc:subfield>
   </marc:datafield>
   <marc:datafield ind1="1" ind2=" " tag="520">
      <marc:subfield code="a">Als Sandy Shortt zehn Jahre alt ist, verschwindet ein Mädchen aus ihrer Klasse. Seit dieser Zeit sucht sie leidenschaftlich nach allem, was vermisst wird: nach Socken, Schlüsseln und später auch nach Menschen. In ihrer Suchagentur macht sie Angehörigen Mut, denn sie gibt niemals auf. Doch als Sandy den Auftrag bekommt, den Bruder von Jack Ruttle wiederzufinden, verirrt sie sich im Wald und verschwindet selbst &#x96; an einen geheimnisvollen Ort, den alle nur &#x84;Hier&#x93; nennen. Dort begegnet sie Menschen, die sie schon lange gesucht hat, und auch jemandem, den sie fast vergessen hätte: sich selbst. Währenddessen macht sich Jack auf die Suche nach Sandy ...</marc:subfield>
   </marc:datafield>
   <marc:datafield ind1=" " ind2=" " tag="020">
      <marc:subfield code="a">9783810501431</marc:subfield>
      <marc:subfield code="9">9783810501431</marc:subfield>
   </marc:datafield>
   <marc:datafield ind1=" " ind2=" " tag="020">
      <marc:subfield code="a">3810501433</marc:subfield>
      <marc:subfield code="9">3810501433</marc:subfield>
   </marc:datafield>
   <marc:datafield ind1=" " ind2=" " tag="300">
      <marc:subfield code="a">425 S.</marc:subfield>
   </marc:datafield>
</marc:record>
